| 000 | 00676nam a2200169Ia 4500 | ||
|---|---|---|---|
| 008 | 090711s9999 xx 000 0 und d | ||
| 082 | _b10065 | ||
| 100 | _aउद्यम प्रकाशन | ||
| 245 | _aफळांSो टिकाऊ पदार्थ तयार करणे | ||
| 260 |
_bउद्यम प्रकाशन _c1955 |
||
| 300 | _a97 | ||
| 600 | _aउद्यम प्रकाशन | ||
| 630 | _aफळांSो टिकाऊ पदार्थ तयार करणे | ||
| 700 | _aउद्यम प्रकाशन | ||
| 730 | _aफळांSो टिकाऊ पदार्थ तयार करणे | ||
| 942 | _cBOOK | ||
| 999 |
_c308566 _d308566 |
||